Reflexiones sobre nudos y silencios del Movimiento de Mujeres en Panamá /

Guardado en:
書目詳細資料
主要作者: Tuñón Berrocal, Irma
其他作者: Barría, Marta, Martínez, Nancy
格式: Texto
主題:
標簽: 添加標簽
沒有標簽, 成為第一個標記此記錄!

MARC

LEADER 00000 a a2200000 04500
001 9399
003
040
100 |a Tuñón Berrocal, Irma  
245 |a Reflexiones sobre nudos y silencios del Movimiento de Mujeres en Panamá /  |c Irma Tuñón Berrocal ; Marta Barría ; Nancy Martínez 
650 |a MUJERES  
650 |a PARTICIPACION POLITICA  
650 |a ORGANIZACIONES FEMENINAS  
700 |a Barría, Marta  
700 |a Martínez, Nancy  
773 |g número 445; páginas 59-69  
999 |c 40234  |d 40234